Froggy va al medico / (Record no. 17725)

MARC details
000 -LEADER
fixed length control field 01001nam a22002417a 4500
001 - CONTROL NUMBER
control field sjds170099
003 - CONTROL NUMBER IDENTIFIER
control field sjds
005 - DATE AND TIME OF LATEST TRANSACTION
control field 20170625164833.0
008 - FIXED-LENGTH DATA ELEMENTS--GENERAL INFORMATION
fixed length control field 170625b nyu||||| |||| 00| 0 spa d
020 ## - INTERNATIONAL STANDARD BOOK NUMBER
International Standard Book Number 9780439550390 (pbk.)
020 ## - INTERNATIONAL STANDARD BOOK NUMBER
International Standard Book Number 0439550394 (pbk.)
040 ## - CATALOGING SOURCE
Transcribing agency sjds
041 ## - LANGUAGE CODE
Language code of text/sound track or separate title spa
Language code of accompanying material other than librettos eng
100 1# - MAIN ENTRY--PERSONAL NAME
Personal name London, Jonathan.
240 ## - UNIFORM TITLE
Uniform title <a href="Froggy goes to the doctor">Froggy goes to the doctor</a>
245 ## - TITLE STATEMENT
Title Froggy va al medico /
Statement of responsibility, etc. Jonathan London ; ilustraciones de Frank Remkiewicz ; traduccion de Miriam Fabiancic.
260 ## - PUBLICATION, DISTRIBUTION, ETC. (IMPRINT)
Place of publication, distribution, etc. Nueva York :
Name of publisher, distributor, etc. Scholastic,
Date of publication, distribution, etc. 2003, c2002.
300 ## - PHYSICAL DESCRIPTION
Extent 1 volume (unpaged) : color illustrations ; 21 x 27 cm
Other physical details color illustrations ; 21 x 27 cm
Dimensions 21 x 27 cm
520 ## - SUMMARY, ETC.
Summary, etc. El froggy isn't que mira adelante a su chequeo porque el puede ser que consiga un tiro pero cuando it's excesivo y he's pronunciaron una rana muy sana, el Dr. Mugwort es el quien teme la visita siguiente de Froggy's.
650 ## - SUBJECT ADDED ENTRY--TOPICAL TERM
Topical term or geographic name as entry element Ranas
Form subdivision Ficcion juvenil
650 ## - SUBJECT ADDED ENTRY--TOPICAL TERM
Topical term or geographic name as entry element Doctores
Form subdivision Ficcion juvenil
942 ## - ADDED ENTRY ELEMENTS (KOHA)
Koha item type Libro/Book
Holdings
Withdrawn status Lost status Source of classification or shelving scheme Damaged status Not for loan Home library Current library Date acquired Total Checkouts Barcode Date last seen Price effective from Koha item type
    Dewey Decimal Classification     Capulin -- Satellite Capulin -- Satellite 14/05/2019   35100344 14/05/2019 14/05/2019 Libro/Book
    Dewey Decimal Classification     Monte Cristo -- Satellite Monte Cristo -- Satellite 14/05/2019   40201829 14/05/2019 14/05/2019 Libro/Book

Powered by Koha